| 000 | 00797nam0a22002531 4500 | ||
|---|---|---|---|
| 001 | rc\3441175 | ||
| 005 | 20250609234627.0 | ||
| 021 |
_aRU _b[72-35376] |
||
| 035 | _a(NLR Aleph) 007568235 | ||
| 090 |
_a5375919 _c5375919 |
||
| 100 | _a20130115d1972 |||y0rusy50 ca | ||
| 101 | 1 |
_arus _ckrc |
|
| 102 | _aRU | ||
| 105 | _ac z |||a| | ||
| 200 | 1 |
_aЭльбрус рядом _e(Роман в стихах) _fАвториз. пер. с балкар. Я. Серпина |
|
| 210 |
_a[Москва _cСов. Россия _d1972] |
||
| 215 |
_a205 с. _cпортр. _d17 |
||
| 700 | 1 |
_aГеттуев _bМ.И. _f1916- _gМаксим Исмаилович |
|
| 702 | 1 |
_aСерпин _bЯ. _4730 |
|
| 801 | 0 |
_aRU _bNLR _gpsbo |
|
| 801 | 1 |
_aRU _bELAR _2rusmarc |
|
| 852 |
_aNLR _j72-2/495 |
||
| 942 | _cBOOK | ||
| 980 | _aNB | ||